000 00467nam a2200157Ia 4500
008 210716s1991 xx 000 0 und d
020 _a74604384
041 _aeng
082 _a005.3001 TAXR
100 _aTaxali, Ravi Kant.
245 _aWordstar professional 4.0: with an overview of release 5.5.
_bWith an overview of release 5.5.
250 _a1
260 _aNew Delhi
_bTata McGraw Hill Publishing Company Ltd
_c1991
300 _axvii,285
650 _aNone
999 _c180675
_d180675